Aplicación de métodos de control fitosanitarios en plantas, suelo e instalaciones / (Record no. 217312)
[ view plain ]
| 000 -CABECERA | |
|---|---|
| campo de control de longitud fija | 00828 a2200229 4500 |
| 003 - IDENTIFICADOR DEL NÚMERO DE CONTROL | |
| campo de control | OSt |
| 005 - FECHA Y HORA DE LA ÚLTIMA TRANSACCIÓN | |
| campo de control | 20230412110811.0 |
| 008 - DATOS DE LONGITUD FIJA--INFORMACIÓN GENERAL | |
| campo de control de longitud fija | 220719s2012 spaa||||r|||| 00| 0 spa d |
| 020 ## - NÚMERO INTERNACIONAL ESTÁNDAR DEL LIBRO | |
| Número Internacional Estándar del Libro | 9788428333191 |
| 040 ## - FUENTE DE LA CATALOGACIÓN | |
| Centro/agencia transcriptor | CHAP |
| 082 00 - NÚMERO DE LA CLASIFICACIÓN DECIMAL DEWEY | |
| Número de clasificación | 632.95 |
| Número de documento/Ítem | S71 |
| Número de edición | 22 |
| 100 1# - ENTRADA PRINCIPAL--NOMBRE DE PERSONA | |
| Nombre de persona | Soria Carreras, Santiago |
| 9 (RLIN) | 186339 |
| 245 10 - MENCIÓN DE TÍTULO | |
| Título | Aplicación de métodos de control fitosanitarios en plantas, suelo e instalaciones / |
| Mención de responsabilidad, etc. | por Santiago Soria Carreras y Santiago Soria Ruiz-Ogarrio. |
| 264 ## - PRODUCCIÓN, PUBLICACIÓN, DISTRIBUCIÓN, FABRICACIÓN Y COPYRIGHT | |
| Producción, publicación, distribución, fabricación y copyright | España : |
| Nombre del de productor, editor, distribuidor, fabricante | Ediciones Paraninfo, |
| Fecha de producción, publicación, distribución, fabricación o copyright | 2012. |
| 300 ## - DESCRIPCIÓN FÍSICA | |
| Extensión | 146 páginas. |
| Otras características físicas | figuras. |
| 650 #2 - PUNTO DE ACCESO ADICIONAL DE MATERIA--TÉRMINO DE MATERIA | |
| 9 (RLIN) | 128517 |
| Término de materia o nombre geográfico como elemento de entrada | Plagas agrícolas |
| Subdivisión general | Control |
| 650 #0 - PUNTO DE ACCESO ADICIONAL DE MATERIA--TÉRMINO DE MATERIA | |
| Término de materia o nombre geográfico como elemento de entrada | Productos fitosanitarios |
| Subdivisión de forma | Manual |
| 9 (RLIN) | 163848 |
| 650 #2 - PUNTO DE ACCESO ADICIONAL DE MATERIA--TÉRMINO DE MATERIA | |
| 9 (RLIN) | 70011 |
| Término de materia o nombre geográfico como elemento de entrada | Malas hierbas |
| Subdivisión general | Control |
| 650 #2 - PUNTO DE ACCESO ADICIONAL DE MATERIA--TÉRMINO DE MATERIA | |
| 9 (RLIN) | 186341 |
| Término de materia o nombre geográfico como elemento de entrada | Plaguicidas |
| Subdivisión cronológica | Aplicación |
| 700 1# - PUNTO DE ACCESO ADICIONAL--NOMBRE DE PERSONA | |
| 9 (RLIN) | 186340 |
| Nombre de persona | Soria Ruiz-Ogarrio, Santiago |
| 942 ## - ELEMENTOS DE PUNTO DE ACCESO ADICIONAL (KOHA) | |
| Fuente del sistema de clasificación o colocación | Dewey Decimal Classification |
| Tipo de ítem Koha | Libro |
| Estado de retiro | Estado de pérdida | Fuente del sistema de clasificación o colocación | Estado dañado | Restricciones de uso | No para préstamo | Código de colección | Localización permanente | Ubicación/localización actual | Ubicación en estantería | Fecha de adquisición | Total de préstamos | Signatura topográfica completa | Código de barras | Fecha visto por última vez | Fecha del último préstamo | Precio válido a partir de | Tipo de ítem Koha |
|---|---|---|---|---|---|---|---|---|---|---|---|---|---|---|---|---|---|
| Dewey Decimal Classification | Préstamo 15 días | General | Biblioteca Central | Biblioteca Central | Planta principal - Colección General | 08/03/2023 | 1 | 632.95 S71 | 33724002566330 | 22/09/2025 | 11/09/2025 | 08/03/2023 | Libro |
